000 00595nam a2200229Ia 4500
003 OSt
005 20220918184831.0
006 a|||||r|||| 00| 0
007 ta
008 220917b |||||||| |||| 00| 0 eng d
024 _a48,285
037 _cTextual
040 _aARTS
_cARTS
_beng
041 _2eng
_aeng
082 _aP, J5 (EO)
100 _aGleason H A
245 0 _aIntroduction to descriptive linguistics
260 _aNew York
_bHenry Holt and Company
_c1955
650 _aLINGUISTICS
942 _hP, J5 (EO)
_cTEXL
_2CC
999 _c177955
_d177955